000 00572nam a22002057a 4500
003 OSt
005 20150121152738.0
008 150121b xxu||||| |||| 00| 0 eng d
020 _a0723423261
040 _cdnlm
082 _aWB 200 Z19d 1996
100 _aZatouroff Michael
_92591
245 _aDiagnosis in color physical signs in general medicine /
_cMichael Zatouroff
250 _a2nd ed.
260 _aLondon :
_bMosby-Wolfe
_c1996
300 _avii, 439 p :
_bcol.ill ;
_c24 cm
504 _aIncludes index.
650 _aGeneral medicine
_92101
942 _2z
_cSLOAN
999 _c966
_d966